| 000 | 01496nam2a22002531 4500 | ||
|---|---|---|---|
| 001 | v19\rc\1595084 | ||
| 005 | 20250618215426.0 | ||
| 035 | _a(NLR Aleph) 004718691 | ||
| 090 |
_a4301774 _c4301774 |
||
| 100 | _a20061002d1900 |||y0rusy50 ca | ||
| 101 | 0 | _arus | |
| 102 | _aRU | ||
| 105 | _ay z ||||| | ||
| 200 | 1 | _aОтчет о приходе, расходе и остатке сумм по кассе Общества... на 1899/900 год | |
| 210 |
_d1900 _aБ. м. |
||
| 215 | _a16 с. | ||
| 461 | 0 |
_1001v19\rc\1595078 _12001#$aОтчет Общества взаимного вспомоществования учащим и учившим в начальных народных училищах Новгородской губернии...$v... за 1899/1900 год. Отчет... _94301694 _aНовгородское губернское общество взаимного вспомоществования учащим и учившим в начальных народных училищах _cНовгород _d1895-1916 _tОтчет Общества взаимного вспомоществования учащим и учившим в начальных народных училищах Новгородской губернии... _v... за 1899/1900 год. Отчет... |
|
| 801 | 0 |
_aRU _bNLR _gpsbo |
|
| 801 | 0 |
_aRU _bRuMoRGB _2psbo |
|
| 801 | 1 |
_aRU _bProSoft-M _2rusmarc |
|
| 852 |
_aNLR _j18.278.4.61 |
||
| 899 |
_aRuMoRGB (1893-1914*) _jU 9/360 |
||
| 942 | _cBOOK | ||
| 980 | _aNB | ||